| 000 | 00544nam a22001697a 4500 | ||
|---|---|---|---|
| 003 | OSt | ||
| 005 | 20251106062130.0 | ||
| 008 | 251106b |||||||| |||| 00| 0 eng d | ||
| 020 | _a 9788966853 | ||
| 040 |
_aDWCL-Main lib _cOC |
||
| 082 | _aFil. 346.02 S941p 1998 | ||
| 245 |
_aPointers in business law: _bfor CPA reviewers vol. 2/ |
||
| 260 |
_a Manila, Philippines: _bGIC Enterprises & co. inc., _cc1998 |
||
| 300 |
_a705 pages : _b illustrations; _c22cm |
||
| 650 | _a1. Commercial laws-- Philippines | ||
| 942 |
_2ddc _cBK - FIL _kFil. _n0 |
||
| 999 |
_c5593 _d5593 |
||